000 00194nam a2200085 4500
001 1255201
005 20251208110705.0
245 _aHER YERDE SENİ ARADIM
_cÖMER SEVİNÇGÜL
260 _bCARPEDİEM
999 _c1255201
_d1255201